Statistics for Spanish Vocabulary Words That Start With F

Click here to take the quiz!

General Stats

  • This quiz has been taken 2,517 times
  • The average score is 26 of 32

Answer Stats

English español % Correct
happyfeliz
99%
familyfamilia
98%
photofoto
98%
easyfácil
97%
coldfrío
96%
partyfiesta
95%
flowerflor
95%
favoritefavorito
94%
uglyfeo
94%
to smokefumar
93%
fruitfruta
93%
pharmacyfarmacía
93%
Februaryfebrero
92%
strongfuerte
89%
weekendfin de semana
88%
happy birthdayfeliz cumpleaños
88%
skirtfalda
88%
fantasyfantasía
85%
freshfresco
81%
strawberryfresa
81%
firefuego
79%
beansfrijoles
77%
signaturefirma
73%
happinessfelicidad
72%
factoryfábrica
63%
ghostfantasma
61%
shapeforma
59%
feverfiebre
56%
fountainfuente
52%
forcefuerza
52%
faithfulfiel
46%
raspberryframbuesa
44%

Score Distribution

Percentile by Number Answered

Percent of People with Each Score

Your Score History

You have not taken this quiz